Drapeaux similaires High level - Statistiques

Statistiques générales
  • Ce quiz a été pris 180 fois
  • Le résultat moyen est 12 sur 15
Statistiques - réponses
Par images Réponse % Correct
Qatar
98%
Bahrein
94%
Syrie
93%
Irak
92%
Yemen
87%
Mozambique
85%
Jordanie
82%
Koweit
82%
Mauritanie
82%
Bahamas
81%
Soudan
80%
Maldives
77%
Soudan du sud
75%
Djibouti
71%
Guinée Equatoriale
69%
Aucun quiz correspondant
Distribution des résultats
% des personnes avec chaque résultat
Percentile par nombre de réponses
Votre historique - résultats
Vous n’avez pas pris ce quiz